[Event "Ste-Foy CC-ch"]
[Site "Ste-Foy CAN"]
[Date "2019.05.11"]
[Round "1"]
[White "Chabot, Michelin"]
[Black "Poliquin, Yvon"]
[Result "0-1"]
[WhiteElo "1559"]
[BlackElo "1898"]
[PlyCount "128"]
[EventDate "2019.05.11"]
[EventType "tourn"]
[EventRounds "5"]
[EventCountry "CAN"]

1. d4 d5 2. c4 e6 3. Nf3 c5 4. Nc3 cxd4 5. Nxd4 e5 6. Nc2 d4 7. Nd5 Be6 8. e4
Nf6 9. Bd3 Bxd5 10. cxd5 Nbd7 11. f3 Bd6 12. O-O Rc8 13. Bd2 a6 14. Rc1 Nc5 15.
Ne1 O-O 16. Bb1 Qd7 17. Nd3 Nxd3 18. Bxd3 Rxc1 19. Bxc1 Rc8 20. Rf2 Ne8 21. Rc2
Rc7 22. Bd2 Qc8 23. Ba5 Rxc2 24. Qxc2 Qxc2 25. Bxc2 Bc5 26. Kf1 Kf8 27. Ke2 Ke7
28. Be1 Nd6 29. b3 Kd7 30. Bg3 f6 31. Kd3 Ba3 32. Be1 b5 33. Bd1 Bc5 34. Be2 g5
35. g3 Nb7 36. Bf1 Bd6 37. b4 Be7 38. Bh3+ Kc7 39. Bg4 Nd6 40. h4 h6 41. Bd2
Nc4 42. Bc1 Bxb4 43. hxg5 hxg5 44. f4 gxf4 45. gxf4 Bd6 46. f5 Ba3 47. Bh6 Nb2+
48. Kc2 Na4 49. Bf3 Be7 50. Bd2 Kb6 51. Be2 a5 52. Be1 Nc5 53. Bd3 b4 54. Kd2
Nxd3 55. Kxd3 Kb5 56. Bd2 a4 57. Bh6 b3 58. axb3 a3 59. Kc2 d3+ 60. Kb1 Bb4 61.
Ka2 d2 62. Bxd2 Bxd2 63. Kxa3 Bb4+ 64. Kb2 Kc5 0-1

[Event "Ste-Foy CC-ch"]
[Site "Ste-Foy CAN"]
[Date "2019.05.11"]
[Round "1"]
[White "Laflamme, Simon"]
[Black "Nafii, Adil"]
[Result "1-0"]
[WhiteElo "1980"]
[BlackElo "1613"]
[PlyCount "65"]
[EventDate "2019.05.11"]
[EventType "tourn"]
[EventRounds "5"]
[EventCountry "CAN"]

1. d4 d5 2. c4 e6 3. Nc3 Nf6 4. cxd5 exd5 5. Bg5 Be7 6. e3 c6 7. Bd3 a6 8. Qc2
h6 9. Bh4 Nbd7 10. f3 c5 11. Nge2 b5 12. O-O O-O 13. Rae1 Re8 14. Bf2 Nf8 15.
Ng3 Bd7 16. dxc5 Bxc5 17. Nxd5 Rc8 18. Nxf6+ Qxf6 19. Qd2 Qe7 20. Qe2 Be6 21.
a3 Rcd8 22. Ne4 Ba7 23. Rc1 Ng6 24. Bg3 f5 25. Nd2 Qd7 26. Rc3 f4 27. Bxg6 Qxd2
28. Qxd2 fxe3 29. Qe2 Rd2 30. Qxd2 exd2+ 31. Bf2 Bc4 32. Rxc4 bxc4 33. Bxe8 1-0

[Event "Ste-Foy CC-ch"]
[Site "Ste-Foy CAN"]
[Date "2019.05.11"]
[Round "1"]
[White "Sauve, Richard"]
[Black "Desbiens, Raphael"]
[Result "1-0"]
[WhiteElo "1950"]
[BlackElo "2185"]
[PlyCount "125"]
[EventDate "2019.05.11"]
[EventType "tourn"]
[EventRounds "5"]
[EventCountry "CAN"]

1. d4 Nf6 2. c4 g6 3. Nc3 d5 4. e3 Bg7 5. Nf3 c6 6. Qb3 O-O 7. Be2 e6 8. O-O
Nbd7 9. Bd2 Ne4 10. Rfd1 f5 11. Rac1 g5 12. Ne1 Ndf6 13. f3 Nxd2 14. Rxd2 h5
15. Nd3 dxc4 16. Qxc4 Nd5 17. Nd1 Nxe3 18. Nxe3 Qxd4 19. Kf2 f4 20. Qxd4 Bxd4
21. Nxf4 Bxe3+ 22. Kxe3 gxf4+ 23. Kf2 Kf7 24. Rc5 Kg6 25. Bd3+ Kh6 26. Bc2 Re8
27. Rd6 b6 28. Rcxc6 Kg5 29. Rc7 Ba6 30. Be4 Rad8 31. Rxd8 Rxd8 32. Ke1 Bd3 33.
Bxd3 Rxd3 34. Rxa7 Rd5 35. Ra6 Rb5 36. b3 Kf5 37. Kd2 Kf6 38. Kd3 Rg5 39. Rxb6
Kf5 40. Rc6 Rxg2 41. Rc2 Rg1 42. b4 Rf1 43. b5 Rxf3+ 44. Kc4 Ra3 45. b6 Ra8 46.
Rb2 f3 47. b7 Rb8 48. Kd3 e5 49. Ke3 e4 50. a4 Ke6 51. a5 Kd6 52. a6 Kc7 53.
Rc2+ Kb6 54. Rc8 Ka7 55. Rc6 f2 56. Kxf2 Rf8+ 57. Ke3 Kb8 58. Kxe4 Rg8 59. Kf5
h4 60. Rg6 Rd8 61. Kg5 Rd5+ 62. Kxh4 Rb5 63. Rg8+ 1-0

[Event "Ste-Foy CC-ch"]
[Site "Ste-Foy CAN"]
[Date "2019.05.18"]
[Round "2"]
[White "Nafii, Adil"]
[Black "Chabot, Michelin"]
[Result "1-0"]
[WhiteElo "1613"]
[BlackElo "1559"]
[PlyCount "109"]
[EventDate "2019.05.11"]
[EventType "tourn"]
[EventRounds "5"]
[EventCountry "CAN"]

1. d4 d5 2. c4 c6 3. Nc3 e6 4. Nf3 Bd6 5. a3 Nd7 6. Bg5 Ne7 7. e3 h6 8. Bh4 O-O
9. Rc1 dxc4 10. Bxc4 Nb6 11. Bd3 Bd7 12. O-O Rc8 13. Bb1 f6 14. Ne4 Bb8 15. Nc5
Nf5 16. e4 Nxh4 17. Nxh4 g5 18. Nf3 Qc7 19. g3 Rce8 20. Ne1 Bc8 21. a4 Qe7 22.
a5 Na8 23. Qb3 Bd6 24. Ned3 Kg7 25. f4 Rf7 26. e5 fxe5 27. fxe5 Rxf1+ 28. Rxf1
Bb8 29. Ne4 Nc7 30. Nb4 Nd5 31. Nxd5 cxd5 32. Nf6 Rf8 33. Qc2 Kh8 34. Rf3 Qc7
35. Nxd5 Qxc2 36. Rxf8+ Kg7 37. Bxc2 Kxf8 38. Nf6 Bc7 39. b4 b6 40. Kf2 Ba6 41.
axb6 Bxb6 42. Ke3 Bb5 43. Bb3 Ke7 44. Ng8+ Kd7 45. Nxh6 Bd8 46. Kd2 Be7 47. Kc3
Bf1 48. Ng4 Bh3 49. Nf2 Bf5 50. Bc4 g4 51. Be2 Kc6 52. b5+ Kb6 53. Kc4 a5 54.
bxa6 Kxa6 55. Bxg4 1-0

[Event "Ste-Foy CC-ch"]
[Site "Ste-Foy CAN"]
[Date "2019.05.18"]
[Round "2"]
[White "Poliquin, Yvon"]
[Black "Desbiens, Raphael"]
[Result "1/2-1/2"]
[WhiteElo "1898"]
[BlackElo "2185"]
[PlyCount "121"]
[EventDate "2019.05.11"]
[EventType "tourn"]
[EventRounds "5"]
[EventCountry "CAN"]

1. e4 e5 2. Nc3 Nf6 3. f4 Nc6 4. fxe5 Nxe5 5. d4 Ng6 6. e5 Ng8 7. Qh5 Bb4 8.
Nf3 h6 9. Bd3 N8e7 10. a3 Bxc3+ 11. bxc3 d6 12. O-O Be6 13. exd6 Qxd6 14. Re1
O-O-O 15. Rb1 Qc6 16. Qa5 a6 17. Ne5 Nxe5 18. Rxe5 Rd5 19. Rxd5 Bxd5 20. Bf1
Ng6 21. g3 Re8 22. Bd2 Nh4 23. Bh3+ Kb8 24. Bf4 Nf3+ 25. Kf2 Bc4 26. Qxc7+ Qxc7
27. Kxf3 b5 28. a4 Re2 29. axb5 axb5 30. Bf1 Rxc2 31. Bxc4 Rxc3+ 32. Bd3 Rxd3+
33. Ke4 Qxf4+ 34. gxf4 Rh3 35. Rxb5+ Kc7 36. Rb2 g6 37. Ra2 Kd6 38. Ra6+ Ke7
39. Ra2 f5+ 40. Kd5 h5 41. Ra7+ Kf6 42. Ra6+ Kg7 43. Ra7+ Kh6 44. Ke5 Rxh2 45.
Kf6 Rb2 46. d5 Rb6+ 47. Ke7 h4 48. d6 h3 49. Ra3 Kh5 50. Rxh3+ Kg4 51. Rh6 Kxf4
52. d7 Rb7 53. Rxg6 Ke3 54. Re6+ Kf3 55. Rd6 f4 56. Kf6 Rxd7 57. Rxd7 Kg2 58.
Rg7+ Kh2 59. Ke5 f3 60. Rf7 Kg2 61. Rxf3 1/2-1/2

[Event "Ste-Foy CC-ch"]
[Site "Ste-Foy CAN"]
[Date "2019.05.18"]
[Round "2"]
[White "Sauve, Richard"]
[Black "Laflamme, Simon"]
[Result "1/2-1/2"]
[WhiteElo "1950"]
[BlackElo "1980"]
[PlyCount "36"]
[EventDate "2019.05.11"]
[EventType "tourn"]
[EventRounds "5"]
[EventCountry "CAN"]

1. d4 Nf6 2. c4 g6 3. Nc3 Bg7 4. e4 O-O 5. Be3 d6 6. f3 c5 7. Nge2 cxd4 8. Nxd4
Nc6 9. Be2 Nxd4 10. Bxd4 Qa5 11. O-O Be6 12. Nd5 Bxd5 13. cxd5 Rfc8 14. a3 Nd7
15. Bxg7 Kxg7 16. Qd4+ Kg8 17. Rac1 Qb6 18. Qxb6 Nxb6 1/2-1/2

[Event "Ste-Foy CC-ch"]
[Site "Ste-Foy CAN"]
[Date "2019.05.25"]
[Round "3"]
[White "Chabot, Michelin"]
[Black "Sauve, Richard"]
[Result "0-1"]
[WhiteElo "1559"]
[BlackElo "1950"]
[PlyCount "88"]
[EventDate "2019.05.11"]
[EventType "tourn"]
[EventRounds "5"]
[EventCountry "CAN"]

1. d4 d5 2. c4 e6 3. Nc3 c6 4. Nf3 dxc4 5. a4 Bb4 6. Bd2 b5 7. axb5 Bxc3 8.
Bxc3 cxb5 9. e3 Nf6 10. Be2 Nc6 11. Ne5 Nxe5 12. dxe5 Qxd1+ 13. Bxd1 Nd5 14.
Bd4 a6 15. O-O O-O 16. f4 Bb7 17. Bf3 Rac8 18. g4 Rfd8 19. f5 Rd7 20. Kf2 Nb4
21. Bxb7 Rxb7 22. Kg3 Rc6 23. Rf3 Rd7 24. Raf1 Nd5 25. fxe6 Rxe6 26. Rf5 Nb4
27. Bc5 Nd3 28. Bd4 g6 29. Rf6 Rde7 30. g5 a5 31. Rxe6 Rxe6 32. Rf6 b4 33. Rxe6
fxe6 34. Kf3 a4 35. Ke2 Kf7 36. Kd2 Ke7 37. e4 Kd7 38. Kd1 Kc6 39. Kd2 Nc5 40.
Ke3 Kb5 41. Kf3 Nb3 42. Ba7 Na5 43. Bb8 c3 44. bxc3 b3 0-1

[Event "Ste-Foy CC-ch"]
[Site "Ste-Foy CAN"]
[Date "2019.05.25"]
[Round "3"]
[White "Desbiens, Raphael"]
[Black "Laflamme, Simon"]
[Result "0-1"]
[WhiteElo "2185"]
[BlackElo "1980"]
[PlyCount "92"]
[EventDate "2019.05.11"]
[EventType "tourn"]
[EventRounds "5"]
[EventCountry "CAN"]

1. Nf3 Nf6 2. c4 g6 3. Nc3 Bg7 4. e4 d6 5. d4 O-O 6. Be2 e5 7. d5 a5 8. O-O Na6
9. Be3 Ng4 10. Bg5 f6 11. Bd2 f5 12. Bg5 Bf6 13. Bxf6 Nxf6 14. Nd2 Nc5 15. f3
Nh5 16. Nb3 Nxb3 17. Qxb3 Qg5 18. Qc2 Qe3+ 19. Rf2 Nf4 20. Bf1 fxe4 21. Qxe4
Qxe4 22. fxe4 Bd7 23. g3 Nh3+ 24. Bxh3 Bxh3 25. Nb5 Rac8 26. Rxf8+ Kxf8 27. a3
Bd7 28. Nc3 a4 29. Kf2 Ke7 30. Ke3 Rf8 31. Re1 Bg4 32. Nxa4 Rf3+ 33. Kd2 Rf2+
34. Kc3 Bd7 35. b3 Bxa4 36. bxa4 Rxh2 37. Rb1 b6 38. Kb4 Re2 39. a5 bxa5+ 40.
Kxa5 Rxe4 41. Kb5 Re3 42. a4 Rxg3 43. Ra1 Rb3+ 44. Kc6 Rb4 45. a5 Kd8 46. a6
Rb6# 0-1

[Event "Ste-Foy CC-ch"]
[Site "Ste-Foy CAN"]
[Date "2019.05.25"]
[Round "3"]
[White "Nafii, Adil"]
[Black "Poliquin, Yvon"]
[Result "0-1"]
[WhiteElo "1613"]
[BlackElo "1898"]
[PlyCount "84"]
[EventDate "2019.05.11"]
[EventType "tourn"]
[EventRounds "5"]
[EventCountry "CAN"]

1. d4 d5 2. c4 e6 3. Nc3 c5 4. Nf3 Nc6 5. cxd5 exd5 6. a3 Nf6 7. Bg5 Be7 8.
dxc5 d4 9. Bxf6 gxf6 10. Ne4 Bg4 11. Nfd2 O-O 12. Qb3 Qd7 13. Nc4 Qd5 14. Ned2
Be6 15. Qg3+ Kh8 16. b4 Rad8 17. Qf3 Ne5 18. Nxe5 fxe5 19. Qxd5 Bxd5 20. f3 f5
21. g3 a5 22. Bg2 axb4 23. axb4 b6 24. Ra7 Bg5 25. Nf1 bxc5 26. bxc5 Ra8 27.
Rd7 Ra1+ 28. Kf2 Bc6 29. Rd6 Bb5 30. h4 Bf6 31. Rb6 Ba6 32. Nd2 Ra2 33. Rd1 e4
34. fxe4 fxe4 35. Bxe4 Bd8+ 36. Bf3 Bxb6 37. cxb6 Rb2 38. Ke1 Rxb6 39. Be4 Re6
40. g4 Rf4 41. Bf3 Bxe2 42. Bxe2 d3 0-1

[Event "Ste-Foy CC-ch"]
[Site "Ste-Foy CAN"]
[Date "2019.06.01"]
[Round "4"]
[White "Desbiens, Raphael"]
[Black "Nafii, Adil"]
[Result "1-0"]
[WhiteElo "2185"]
[BlackElo "1613"]
[PlyCount "53"]
[EventDate "2019.05.11"]
[EventType "tourn"]
[EventRounds "5"]
[EventCountry "CAN"]

1. e4 c5 2. Nf3 Nc6 3. d4 cxd4 4. Nxd4 e5 5. Nb5 a6 6. Nd6+ Bxd6 7. Qxd6 Qf6 8.
Qd1 Qg6 9. Nc3 Nf6 10. f3 O-O 11. Be3 d5 12. Nxd5 Nxd5 13. Qxd5 Be6 14. Qd2 f5
15. Bd3 fxe4 16. Bxe4 Bf5 17. Bd5+ Kh8 18. Bb3 Rad8 19. Qf2 Nb4 20. Bc5 Nxc2+
21. Bxc2 Bxc2 22. Bxf8 Rxf8 23. O-O Bd3 24. Qc5 Qf6 25. Rfe1 e4 26. fxe4 Qxb2
27. Qxf8# 1-0

[Event "Ste-Foy CC-ch"]
[Site "Ste-Foy CAN"]
[Date "2019.06.01"]
[Round "4"]
[White "Laflamme, Simon"]
[Black "Chabot, Michelin"]
[Result "1-0"]
[WhiteElo "1980"]
[BlackElo "1559"]
[PlyCount "117"]
[EventDate "2019.05.11"]
[EventType "tourn"]
[EventRounds "5"]
[EventCountry "CAN"]

1. d4 d5 2. c4 c6 3. Nc3 e6 4. e4 Nd7 5. Nf3 Ne7 6. Bg5 h6 7. Be3 Nf6 8. Bd3 g6
9. h3 Bg7 10. Qc2 dxe4 11. Nxe4 Nf5 12. Rd1 Nxe3 13. fxe3 Qc7 14. O-O Nxe4 15.
Bxe4 f5 16. Bd3 e5 17. e4 f4 18. d5 Bd7 19. c5 b5 20. d6 Qc8 21. Kh2 g5 22. Qe2
O-O 23. Rc1 a5 24. Rfd1 Be6 25. a3 Bb3 26. Bc2 Bxc2 27. Qxc2 a4 28. b4 Qd7 29.
Qa2+ Rf7 30. Kg1 Kh8 31. Nh2 Rff8 32. Qe2 Ra7 33. Qh5 Qe6 34. h4 Qf7 35. Qg4
Qg6 36. Re1 Rd8 37. Rcd1 Rad7 38. Nf3 Bf6 39. hxg5 hxg5 40. Nh4 Qh7 41. Nf5 Rg8
42. Kf2 Qg6 43. Ne7 Rxe7 44. dxe7 Kg7 45. Rd6 Qh7 46. Rd7 Re8 47. Kf3 Qh4 48.
Red1 Bxe7 49. Qxh4 gxh4 50. R1d6 Kf8 51. Rxc6 Rd8 52. Rxd8+ Bxd8 53. Kg4 Ke8
54. Re6+ Kd7 55. Rxe5 Bc7 56. Rd5+ Ke6 57. Kxh4 Be5 58. Kg4 Bb2 59. c6 1-0

[Event "Ste-Foy CC-ch"]
[Site "Ste-Foy CAN"]
[Date "2019.06.01"]
[Round "4"]
[White "Poliquin, Yvon"]
[Black "Sauve, Richard"]
[Result "0-1"]
[WhiteElo "1898"]
[BlackElo "1950"]
[PlyCount "70"]
[EventDate "2019.05.11"]
[EventType "tourn"]
[EventRounds "5"]
[EventCountry "CAN"]

1. e4 e6 2. d4 d5 3. e5 c5 4. c3 Nc6 5. Nf3 Qb6 6. Bd3 cxd4 7. cxd4 Bd7 8. O-O
Nxd4 9. Nbd2 Nc6 10. Nb3 Nge7 11. Be3 Qc7 12. Rc1 Ng6 13. Nc5 Bxc5 14. Bxc5
Ngxe5 15. Nxe5 Qxe5 16. Qd2 Qh5 17. f4 f6 18. Be2 Qf7 19. Bf3 Rc8 20. Kh1 b6
21. Ba3 Ne7 22. Rxc8+ Bxc8 23. Rc1 a5 24. Rc7 Bd7 25. Qc2 Qg6 26. Qd1 Kd8 27.
Ra7 Nc8 28. Bh5 Qe4 29. Rb7 g6 30. Bf3 Qxf4 31. b3 Bc6 32. Rf7 Nd6 33. g3 Qe5
34. Ra7 Nb5 35. Qg1 Nxa7 0-1

[Event "Ste-Foy CC-ch"]
[Site "Ste-Foy CAN"]
[Date "2019.06.08"]
[Round "5"]
[White "Chabot, Michelin"]
[Black "Desbiens, Raphael"]
[Result "0-1"]
[WhiteElo "1559"]
[BlackElo "2185"]
[PlyCount "60"]
[EventDate "2019.05.11"]
[EventType "tourn"]
[EventRounds "5"]
[EventCountry "CAN"]

1. d4 Nf6 2. c4 g6 3. Nc3 d5 4. cxd5 Nxd5 5. e4 Nxc3 6. bxc3 Bg7 7. Be3 c5 8.
Nf3 O-O 9. Be2 Qa5 10. Qd2 Rd8 11. Rc1 Nc6 12. d5 f5 13. Bd3 e6 14. c4 Nb4 15.
O-O Qxa2 16. Bxc5 Qxd2 17. Nxd2 Nxd3 18. Be7 Re8 19. d6 Nxc1 20. Rxc1 Bd7 21.
exf5 exf5 22. Nf3 h6 23. g3 Kf7 24. Re1 a5 25. Ne5+ Bxe5 26. Rxe5 a4 27. Rc5 a3
28. Rc7 Bc6 29. Bg5+ Ke6 30. Bxh6 a2 0-1

[Event "Ste-Foy CC-ch"]
[Site "Ste-Foy CAN"]
[Date "2019.06.08"]
[Round "5"]
[White "Poliquin, Yvon"]
[Black "Laflamme, Simon"]
[Result "1/2-1/2"]
[WhiteElo "1898"]
[BlackElo "1980"]
[PlyCount "64"]
[EventDate "2019.05.11"]
[EventType "tourn"]
[EventRounds "5"]
[EventCountry "CAN"]

1. e4 e6 2. d4 d5 3. e5 c5 4. c3 Nc6 5. Nf3 Qb6 6. Bd3 cxd4 7. cxd4 Bd7 8. O-O
Nxd4 9. Nxd4 Qxd4 10. Re1 Bc5 11. Qe2 Rc8 12. Nd2 Bb6 13. a4 Ne7 14. Nf3 Qg4
15. Bd2 Nc6 16. h3 Qh5 17. Bc3 O-O 18. Kh2 f5 19. exf6 gxf6 20. a5 Bc7+ 21. Kg1
e5 22. Bb5 e4 23. Nd4 Qxe2 24. Nxe2 Be6 25. Bxc6 bxc6 26. Nd4 Bd7 27. Bb4 Rfe8
28. Bc5 a6 29. b4 Rb8 30. Ra3 Be5 31. Rd1 Kf7 32. Kf1 f5 1/2-1/2

[Event "Ste-Foy CC-ch"]
[Site "Ste-Foy CAN"]
[Date "2019.06.08"]
[Round "5"]
[White "Sauve, Richard"]
[Black "Nafii, Adil"]
[Result "0-1"]
[WhiteElo "1950"]
[BlackElo "1613"]
[PlyCount "60"]
[EventDate "2019.05.11"]
[EventType "tourn"]
[EventRounds "5"]
[EventCountry "CAN"]

1. d4 d5 2. c4 e6 3. Nc3 Nf6 4. Bg5 Be7 5. Nf3 a6 6. e3 dxc4 7. Bxc4 b5 8. Bb3
Nbd7 9. O-O Bb7 10. Qe2 Rc8 11. Rfd1 c5 12. dxc5 Rxc5 13. e4 Qa8 14. Bxf6 Bxf6
15. Nd4 Ke7 16. f3 Rc7 17. Qe3 g6 18. a4 b4 19. Nce2 Rhc8 20. Qd2 Qa7 21. Qxb4+
Ke8 22. Ba2 e5 23. Nc3 exd4 24. Nd5 Bxd5 25. exd5 Qc5 26. Qd2 Kf8 27. Kh1 Qc2
28. Qf4 Qxb2 29. d6 Rc2 30. Qg4 Qxa1 0-1

[Event "Toronto op"]
[Site "Toronto CAN"]
[Date "2019.08.31"]
[Round "1.1"]
[White "Saha, Ananda"]
[Black "Noritsyn, Nikolay"]
[Result "0-1"]
[WhiteElo "2309"]
[BlackElo "2606"]
[PlyCount "62"]
[EventDate "2019.08.31"]
[EventType "swiss"]
[EventRounds "6"]
[EventCountry "CAN"]

1. d4 e6 2. e4 d5 3. Nd2 Nc6 4. Ngf3 Nf6 5. e5 Nd7 6. c3 f6 7. exf6 Qxf6 8. Bd3
Bd6 9. Qc2 g6 10. h4 e5 11. h5 exd4 12. hxg6 dxc3 13. bxc3 Nc5 14. Rxh7 Bg4 15.
Bb2 O-O-O 16. O-O-O Nxd3+ 17. Qxd3 Bf5 18. Qb5 Rxh7 19. gxh7 Bxh7 20. Qa4 Bf4
21. Rh1 Bg6 22. Rh4 d4 23. cxd4 Qf5 24. Kd1 Bxd2 25. Nxd2 Qxf2 26. d5 Qg1+ 27.
Ke2 Qxg2+ 28. Kd1 Qg1+ 29. Ke2 Re8+ 30. Ne4 Qg2+ 31. Kd1 Bxe4 0-1

[Event "Toronto op"]
[Site "Toronto CAN"]
[Date "2019.08.31"]
[Round "1.3"]
[White "Pace, Christopher"]
[Black "Migot, Tangi"]
[Result "1-0"]
[WhiteElo "2214"]
[BlackElo "2472"]
[PlyCount "91"]
[EventDate "2019.08.31"]
[EventType "swiss"]
[EventRounds "6"]
[EventCountry "CAN"]

1. d4 Nf6 2. c4 d6 3. Nf3 Nbd7 4. Nc3 e5 5. e4 g6 6. Be2 Bg7 7. O-O O-O 8. d5
a5 9. Ne1 Nc5 10. Qc2 Ne8 11. Nd3 f5 12. Nxc5 dxc5 13. Be3 b6 14. f3 Nd6 15.
Rac1 Bd7 16. b3 f4 17. Bf2 h5 18. Kh1 g5 19. Qd1 Bf6 20. g3 Rf7 21. Rg1 Rg7 22.
Qd2 fxg3 23. hxg3 a4 24. Bd3 axb3 25. axb3 g4 26. f4 Qe7 27. Rce1 Rf8 28. Re2
Qf7 29. Be3 Re8 30. Rge1 exf4 31. Bxf4 Be5 32. Rf2 Qg6 33. Bxe5 Rxe5 34. Qf4
Nf7 35. Ref1 Qd6 36. Qe3 Ng5 37. Rf6 Qe7 38. d6 cxd6 39. Nd5 Rxd5 40. cxd5 Nf3
41. e5 dxe5 42. Rxb6 h4 43. Rb8+ Kf7 44. Rxf3+ gxf3 45. Qxf3+ Qf6 46. Rf8+ 1-0

[Event "Toronto op"]
[Site "Toronto CAN"]
[Date "2019.08.31"]
[Round "1.5"]
[White "Jiang, Brian"]
[Black "Dukic, Zachary"]
[Result "1-0"]
[WhiteElo "2180"]
[BlackElo "2415"]
[PlyCount "79"]
[EventDate "2019.08.31"]
[EventType "swiss"]
[EventRounds "6"]
[EventCountry "CAN"]

1. d4 Nf6 2. c4 g6 3. Nc3 Bg7 4. e4 d6 5. f3 O-O 6. Be3 c5 7. dxc5 dxc5 8. Qxd8
Rxd8 9. Bxc5 Nc6 10. Nge2 b6 11. Ba3 Bb7 12. Nd5 e6 13. Ne7+ Nxe7 14. Bxe7 Rd7
15. Bb4 Rc8 16. Nc3 Nh5 17. Rd1 Rcd8 18. Be2 Nf4 19. g3 Rxd1+ 20. Nxd1 Nd3+ 21.
Bxd3 Rxd3 22. Ke2 Rd4 23. Ne3 Rd8 24. Rd1 Rc8 25. b3 Bc6 26. Bd6 f5 27. e5 g5
28. g4 f4 29. Nc2 Kf7 30. h4 h5 31. Nd4 Bd7 32. Rh1 hxg4 33. fxg4 gxh4 34. Rxh4
Kg6 35. Kf3 Bh6 36. Be7 Rg8 37. g5 Bg7 38. Kxf4 Re8 39. Bf6 Bf8 40. Rh8 1-0

[Event "Toronto op"]
[Site "Toronto CAN"]
[Date "2019.08.31"]
[Round "1.6"]
[White "Humphreys, Michael"]
[Black "Zhao, Jeffrey R"]
[Result "1-0"]
[WhiteElo "2332"]
[BlackElo "2101"]
[PlyCount "51"]
[EventDate "2019.08.31"]
[EventType "swiss"]
[EventRounds "6"]
[EventCountry "CAN"]

1. Nf3 Nf6 2. c4 g6 3. b3 Bg7 4. Bb2 O-O 5. g3 d6 6. Bg2 e5 7. O-O Nbd7 8. d3
c6 9. Nbd2 Re8 10. Qc2 Qe7 11. Rfe1 a5 12. a3 Ra6 13. e4 Qd8 14. Rad1 Qb6 15.
d4 Ra8 16. c5 dxc5 17. dxe5 Nh5 18. Nc4 Qc7 19. Nd6 Re7 20. Nxf7 Kxf7 21. e6+
Rxe6 22. Ng5+ Ke7 23. Nxe6 Kxe6 24. Qc4+ Ke7 25. Bxg7 Nxg7 26. Qg8 1-0

[Event "Toronto op"]
[Site "Toronto CAN"]
[Date "2019.08.31"]
[Round "1.7"]
[White "Franco, Ryan"]
[Black "Sapozhnikov, Roman"]
[Result "1-0"]
[WhiteElo "2272"]
[BlackElo "2330"]
[PlyCount "79"]
[EventDate "2019.08.31"]
[EventType "swiss"]
[EventRounds "6"]
[EventCountry "CAN"]

1. Nf3 Nf6 2. c4 g6 3. g3 Bg7 4. Bg2 O-O 5. O-O d6 6. Nc3 e5 7. d4 Nbd7 8. h3
a6 9. Be3 Re8 10. Qd2 c6 11. Rfd1 e4 12. Ne1 d5 13. cxd5 cxd5 14. Nc2 Nb6 15.
b3 h5 16. a4 Be6 17. a5 Nc8 18. Na4 Nd6 19. Bf4 Nh7 20. Nc5 g5 21. Bxd6 Qxd6
22. Nxb7 Qc7 23. Nc5 h4 24. g4 Bf8 25. Rdc1 Bd6 26. Nb4 Qe7 27. e3 Rf8 28. f3
f5 29. gxf5 exf3 30. fxe6 fxg2 31. Nxd5 Qe8 32. Qxg2 Bxc5 33. Nc7 Qe7 34. Rxc5
Ra7 35. Rac1 Rb8 36. Qe4 Nf6 37. Qg6+ Kh8 38. Qh6+ Nh7 39. Nd5 Qd6 40. Rc8+ 1-0

[Event "Toronto op"]
[Site "Toronto CAN"]
[Date "2019.08.31"]
[Round "1.8"]
[White "Gao, Raymond"]
[Black "Noritsyn, Sergey"]
[Result "0-1"]
[WhiteElo "2050"]
[BlackElo "2325"]
[PlyCount "68"]
[EventDate "2019.08.31"]
[EventType "swiss"]
[EventRounds "6"]
[EventCountry "CAN"]

1. e4 c5 2. Nf3 d6 3. d4 cxd4 4. Nxd4 Nf6 5. Nc3 a6 6. Bc4 e6 7. Bb3 Nbd7 8.
Bg5 Nc5 9. f4 Be7 10. Qf3 Qc7 11. O-O b5 12. a3 Bb7 13. Bxf6 Bxf6 14. Rad1 O-O
15. f5 Qb6 16. Qe3 e5 17. Nde2 Bg5 18. Qf2 b4 19. axb4 Qxb4 20. Qg3 Qb6 21. Kh1
Bh6 22. Bd5 Bxd5 23. Nxd5 Qxb2 24. f6 Nxe4 25. Qh4 Qxc2 26. Ng3 Nf2+ 27. Kg1
Nxd1 28. Nf5 Kh8 29. Nde7 Rg8 30. g4 Be3+ 31. Nxe3 Nxe3 32. Qh3 Nxf1 33. Qf3
Qxh2+ 34. Kxf1 Qf4 0-1

[Event "Toronto op"]
[Site "Toronto CAN"]
[Date "2019.08.31"]
[Round "2.1"]
[White "Noritsyn, Nikolay"]
[Black "Pace, Christopher"]
[Result "1-0"]
[WhiteElo "2606"]
[BlackElo "2214"]
[PlyCount "55"]
[EventDate "2019.08.31"]
[EventType "swiss"]
[EventRounds "6"]
[EventCountry "CAN"]

1. e4 g6 2. d4 Bg7 3. Nc3 d6 4. Nge2 Nd7 5. g4 e5 6. Bg2 h5 7. g5 h4 8. f4 exf4
9. Bxf4 Ne7 10. Qd2 Nb6 11. O-O-O Nc6 12. h3 a6 13. Kb1 Qe7 14. Nd5 Nxd5 15.
exd5 Nb8 16. Nc3 O-O 17. Qf2 Bf5 18. Qxh4 Nd7 19. Rhe1 Qd8 20. Be4 Bxe4 21.
Nxe4 Re8 22. Bc1 Nb6 23. Nf6+ Bxf6 24. gxf6 Rxe1 25. Rxe1 Nxd5 26. Bg5 Qc8 27.
Rf1 b5 28. Bh6 1-0

[Event "Toronto op"]
[Site "Toronto CAN"]
[Date "2019.08.31"]
[Round "2.4"]
[White "Franco, Ryan"]
[Black "Humphreys, Michael"]
[Result "0-1"]
[WhiteElo "2272"]
[BlackElo "2332"]
[PlyCount "58"]
[EventDate "2019.08.31"]
[EventType "swiss"]
[EventRounds "6"]
[EventCountry "CAN"]

1. Nf3 Nf6 2. c4 b6 3. g3 Bb7 4. Bg2 g6 5. O-O Bg7 6. Nc3 O-O 7. Re1 c5 8. e4
Nc6 9. d3 d6 10. h3 Nd7 11. Be3 Nde5 12. Qd2 Nd4 13. Nxe5 dxe5 14. Rad1 Qd7 15.
a3 Nc6 16. Rb1 Rac8 17. b4 Nd4 18. a4 cxb4 19. Rxb4 f5 20. Nb5 Nc6 21. Rbb1 f4
22. gxf4 exf4 23. Bxf4 a6 24. Na3 Nd4 25. Bg3 Nf3+ 26. Bxf3 Rxf3 27. Qe2 Rcf8
28. Nc2 Qxh3 29. Rxb6 Bc8 0-1

[Event "Toronto op"]
[Site "Toronto CAN"]
[Date "2019.08.31"]
[Round "2.5"]
[White "Migot, Tangi"]
[Black "Munro, Allan"]
[Result "1-0"]
[WhiteElo "2472"]
[BlackElo "2201"]
[PlyCount "111"]
[EventDate "2019.08.31"]
[EventType "swiss"]
[EventRounds "6"]
[EventCountry "CAN"]

1. Nf3 d5 2. g3 Nf6 3. Bg2 c6 4. O-O Bf5 5. d3 Nbd7 6. c4 e6 7. Nc3 Be7 8. Be3
O-O 9. Qb3 Ng4 10. Bd2 Nc5 11. Qd1 dxc4 12. dxc4 Ne4 13. h3 Ngf6 14. Nxe4 Nxe4
15. Be3 Bf6 16. Qb3 Qe7 17. Rac1 c5 18. Rfd1 Rac8 19. Ne1 b6 20. Nd3 Rfd8 21.
g4 Bg6 22. Nf4 Nd6 23. Nxg6 hxg6 24. a3 Ne8 25. Qc2 Be5 26. Rb1 Qf6 27. Rxd8
Rxd8 28. Bd2 Bc7 29. b4 Qe5 30. e3 Nf6 31. Bc3 Qd6 32. g5 Nd7 33. Rd1 Qe7 34.
h4 Ne5 35. Rxd8+ Qxd8 36. Qe2 Qd6 37. f4 Nd3 38. b5 e5 39. Bd5 Nc1 40. Qc2 exf4
41. Qxc1 f3 42. Bxf3 Qh2+ 43. Kf1 Qxh4 44. Be1 Qxg5 45. Qd2 Qf6 46. Ke2 Qa1 47.
Qc3 Qa2+ 48. Bd2 Bg3 49. Qd3 Bh4 50. Bd5 Kf8 51. Qe4 Bf6 52. Qd3 Qa1 53. Bf3
Kg8 54. Qd7 Qa2 55. Bd5 Bc3 56. Bxf7+ 1-0

[Event "Toronto op"]
[Site "Toronto CAN"]
[Date "2019.08.31"]
[Round "2.6"]
[White "Dukic, Zachary"]
[Black "Yao, Houji"]
[Result "1-0"]
[WhiteElo "2415"]
[BlackElo "2258"]
[PlyCount "137"]
[EventDate "2019.08.31"]
[EventType "swiss"]
[EventRounds "6"]
[EventCountry "CAN"]

1. e4 c5 2. Nf3 e6 3. d4 cxd4 4. Nxd4 Nc6 5. Nc3 Qc7 6. Be3 a6 7. Qf3 d6 8.
Nxc6 bxc6 9. O-O-O Nf6 10. g4 Rb8 11. Bc4 Be7 12. g5 Nd7 13. Qg3 O-O 14. h4 Qb7
15. Bb3 c5 16. g6 Bf6 17. gxh7+ Kxh7 18. Rhg1 c4 19. Bg5 Be5 20. Bf4 Bf6 21.
Bxd6 cxb3 22. axb3 g6 23. e5 Bg7 24. h5 Bh6+ 25. f4 Rg8 26. Kb1 Qa8 27. hxg6+
Rxg6 28. Qh4 Bb7 29. Rxg6 fxg6 30. Qe7+ Bg7 31. Qxd7 Re8 32. Qf7 Bf3 33. Rd4
Rg8 34. Qxe6 Qa7 35. Qh3+ Bh5 36. Qe3 Rc8 37. Ne4 Kh8 38. b4 Bg4 39. Bc5 Qa8
40. Rd2 Be6 41. Rh2+ Kg8 42. Nd6 Rf8 43. f5 Qd5 44. f6 Qd1+ 45. Qc1 Ba2+ 46.
Kxa2 Qxc1 47. fxg7 Kxg7 48. e6 g5 49. e7 Rg8 50. e8=Q Rxe8 51. Nxe8+ Kg6 52.
Nd6 Qf1 53. Rf2 Qh1 54. Nf5 Qd5+ 55. Ka3 Qe4 56. Ne3 Qe6 57. Rg2 Kh5 58. Rg1
Kh4 59. Ng4 Qe2 60. Bf2+ Kh5 61. c3 Qe6 62. Be3 Kh4 63. Bc1 Qb6 64. Ne5 g4 65.
Rxg4+ Kh3 66. Bf4 a5 67. Rg3+ Kh4 68. Nf3+ Kh5 69. Rg5+ 1-0